000 01000cab a22002055a 4500
001 L158676
008 150609e20150516xxk 000 0 eng d
035 _a(Sirsi) u158676
041 0 _aeng
100 1 _aRickard, Jennifer
245 0 4 _aThe mysterious case of the disappearing rent review
260 _c2015
490 _aEstates Gazette
_v(1519) 16 May 2015, 126-127(2)
520 _aIssues raised by the possible return of the rent review market for the first time since the 2008 economic downturn. This revival does pose some problems for property professional as; the number of qualified arbitrators has not expanded with many surveyors not having had exposure to rent reviews. Also there are problems with comparables as the quiet property market has led to an lack of open-market transactions that could be used as direct comparables for certain types of properties.
590 _aKA
651 4 _aUnited Kingdom
690 _aValuation
_96273
700 1 _aMoore, Sarah
942 _n0
999 _c84655
_d84655